000 00683nam a22002297a 4500
003 UA-OsUOA
001 118692
007 ta
008 20160913b un ||||| |||| 00| 0 ukr d
100 _aЄфименко Т.І.
700 _aКонопльов С.Л.
090 _a330(477)
_bЕ99
942 _cSA
040 _aUA-OsUOA
_bukr
_cUA-OsUOA
_dUA-OsUOA
245 _aІнституціональні аспекти реформування державних фінансів
300 _aС.7-31
955 _a0
041 _aukr
080 _a330(477)
773 0 _w118691
_tФінанси України
_dК.
_d2016
_g6
650 7 _a330 Економіка взагалі
_2UDC
999 _c404774
_d404774